Những bài tập vật lý cơ bản hay khó trong chương trình PTTH

Gespeichert in:
Bibliographische Detailangaben
1. Verfasser: NGUYỄN PHÚC THUẦN
Format: Buch
Sprache:Undetermined
Veröffentlicht: ĐHQG Hà Nội 2001
Tags: Tag hinzufügen
Keine Tags, Fügen Sie den ersten Tag hinzu!
Thư viện lưu trữ: Trung tâm Học liệu Trường Đại học Cần Thơ
LEADER 00481nam a2200145Ia 4500
001 CTU_49978
008 210402s9999 xx 000 0 und d
082 |a 530.076 
082 |b Th502/T2 
100 |a NGUYỄN PHÚC THUẦN 
245 0 |a Những bài tập vật lý cơ bản hay khó trong chương trình PTTH 
245 0 |c NGUYỄN PHÚC THUẦN 
260 |b ĐHQG Hà Nội 
260 |c 2001 
980 |a Trung tâm Học liệu Trường Đại học Cần Thơ